000 01256nam a2200337 a 4500
001 34080
003 BD-RjUL
005 20211209052113.0
008 140514s1980 enk b 101 0 eng
020 _a0891586563 (Westview)
035 _a(BD-RjUL)34174
040 _aDLC
_cDLC
_dDLC
_dBD-RjUL
_beng
041 _aeng
082 0 0 _a307.76
_219
_bMAK 1980
245 0 0 _aMaking cities work :
_bthe dynamics of urban innovation /
_cedited by David Morley, Stuart Proudfoot and Thomas Burns.
260 _aLondon, England ;
_bCroom Helm ;
_aBoulder, Col. :
_bWestview Press,
_c1980.
300 _a285 p. ;
_c23 cm.
500 _aBased on the outcome of presentations made at a conference held in May 1977 at York University.
504 _aIncludes bibliographical references and index.
650 0 _aUrban policy
_xCongresses.
_9103587
650 0 _aSocial change
_xCongresses.
_9102860
650 0 _aNetwork analysis (Planning)
_xCongresses.
_9103588
650 0 _aMunicipal government
_xCongresses.
_9103589
650 0 _aEnergy policy
_xCongresses.
_9103590
700 1 _aMorley, David,
_d1935-
_9103591
700 1 _aProudfoot, Stuart.
_9103592
700 1 _aBurns, Thomas.
_947099
942 _2ddc
_cBK
999 _c34080
_d34080